| 000 | 00802nam a22002412 4500 | ||
|---|---|---|---|
| 001 | 0000007010 | ||
| 005 | 20151217154400.0 | ||
| 008 | 071107s xx 000 0 eng d | ||
| 020 |
_a8130900319 : _cKES 665 |
||
| 040 |
_aKABU _cKABU |
||
| 100 | 1 |
_aBourne, Edmund J. _@0000158020 |
|
| 245 | 1 | 0 |
_aNatural relief of anxiety : _bcomplementary strategies for easing fear, panic & worry / _cEdmund J. Bourne, Arlen Brownstein, Lorna Garano. |
| 260 |
_aNew Delhi : _bVinod Vasishtha, _c2005. |
||
| 300 | _a213 p. | ||
| 650 | 0 |
_aAnxiety. _@0000053725 |
|
| 650 | 0 |
_aFear. _@0000148067 |
|
| 650 | 0 |
_aPanic disorder. _@0000158021 |
|
| 700 | 1 |
_a Brownstein, Arlen. _@0000158022 |
|
| 700 | 1 |
_a Garano, Lorna. _@0000158023 |
|
| 908 | _a071107 | ||
| 950 | _@1 | ||
| 999 |
_c10909 _d10909 |
||